000
00314nam a2200109Ia 4500
008
200302s9999 xx 000 0 und d
100
_a
Mary A. Jablonski and Catherine R. Matsen
245
_a
Architectutural Finishes in the Built Environment
260
_b
Archetype publication Ltd.
260
_c
2009
300
_a
260
999
_c
3743
_d
3743